000 00267nam a22000977a 4500
008 151211b xxu||||| |||| 00| 0 eng d
020 _a032143675X
082 _a004.42
245 1 0 _aWeb development & design foundations with XHTML /
_cTerry Felke-Morris.
250 _a3rd ed.
999 _c1402
_d1402